Medicine in the Kovno Ghetto
| Titel: | Medicine in the Kovno Ghetto / Jack Brauns |
|---|---|
| Verfasser: | |
| In: |
Jewish medical resistance in the Holocaust, (2014), Seite 155-163 alle Artikel anzeigen |
| Veröffentlicht: | 2014 |
| Umfang: | 1 Tabelle |
| Format: | Aufsatz |
| Sprache: | Englisch |
X
alg: 42780814
001A $03025:26-03-18
001B $01999:26-03-18 $t23:19:12.000
001C $03025:26-03-18 $t15:24:11.000
001D $03025:26-03-18
001U $0utf8
001X $00
002@ $0Aou
002C $aText $btxt $2rdacontent
002D $aohne Hilfsmittel zu benutzen $bn $2rdamedia
002E $aBand $bnc $2rdacarrier
003@ $0427808146
007A $0427808146 $aHEB
010@ $aeng
010E $erda
011@ $a2014
021A $aMedicine in the Kovno Ghetto $hJack Brauns
028A $BVerfasser $4aut $71071421646 $8Brauns, Jack$Z1924- [Tp1] $9359225497
031A $h155-163 $j2014
034M $a1 Tabelle
039B $aEnthalten in $8--Aau--. Jewish medical resistance in the Holocaust. - New York {[u.a.] : Berghahn Books, 2014. - XIX, 308 S.. - Ill.. - ISBN 978-1-78238-417-5 $x201400000000000845 $9344756416
044K $#Kaunas $#Kowno $#Kauen Litauen $#Kovno $#Kauen $#Kaunus $#Kowna $#קובנא $74217158-1 $8Kaunas [Tg1] $9086119346
044K $#Medicine $#Médecine $#Humanmedizin $#Heilkunst $#Medicine $74038243-6 $8Medizin [Ts1] $9085104442
044K $RJudenviertel $RJuden $#Jewish ghettos $#Quartiers juifs $#Ghetto $#Ghetto $#Gettos $#Ghettos $#Judenghetto $#Judengetto $#Juden Ghetto $#Juden Getto $74157319-5 $8Getto [Ts1] $908567575X
045R $aGeschichte 1941-1943
lok: 42780814 78
exp: 42780814 78 1 #EPN
201B/01 $026-03-18 $t15:19:37.000
201C/01 $026-03-18
201U/01 $0utf8
203@/01 $01020198168
208@/01 $a26-03-18 $be
209A/01 $a/ $f000 $x00
209A/01 $ab*p $x01
220C/01 $apgar
244Z/01 $#Litauen $#Litauen $#Lithuania $#Lietuvos Respublika $#République Lithuanienne $#Lithuanie $#Litva 1918 - 1940, 1991, 9 - $#Litovskaja Respublika $#Lithuania 1918 - 1940, 1991, 9 - $#Republik Litauen $#Republic of Lithuania $#Lithuanian Republic $#Litauische Republik $#Lietuva $74074266-0 $8--Tg1--Litauen $x01 $9085209074
247C/01 $82080>Marburg/Lahn, Herder-Institut, Forschungsbibliothek, Bibliographieportal $9336309341
| LEADER | 00000caa a2200000 c 4500 | ||
|---|---|---|---|
| 001 | 427808146 | ||
| 003 | DE-603 | ||
| 005 | 20180326231912.0 | ||
| 007 | tu | ||
| 008 | 180326s2014 xx |||| | u00||u|eng c | ||
| 035 | |a (DE-599)HEB427808146 | ||
| 040 | |a DE-603 |b ger |c DE-603 |d DE-603 |e rda | ||
| 041 | |a eng | ||
| 100 | 1 | |a Brauns, Jack |d 1924- |e Verfasser |4 aut |0 (DE-603)359225497 |0 (DE-588)1071421646 |2 gnd | |
| 245 | 0 | 0 | |a Medicine in the Kovno Ghetto |c Jack Brauns |
| 264 | 0 | |c 2014 | |
| 300 | |b 1 Tabelle | ||
| 336 | |a Text |b txt |2 rdacontent | ||
| 337 | |a ohne Hilfsmittel zu benutzen |b n |2 rdamedia | ||
| 338 | |a Band |b nc |2 rdacarrier | ||
| 648 | 7 | |a Geschichte 1941-1943 |2 gnd | |
| 650 | 7 | |a Medizin |0 (DE-588)4038243-6 |0 (DE-603)085104442 |2 gnd | |
| 650 | 7 | |a Getto |0 (DE-588)4157319-5 |0 (DE-603)08567575X |2 gnd | |
| 651 | 7 | |a Kaunas |0 (DE-588)4217158-1 |0 (DE-603)086119346 |2 gnd | |
| 773 | 0 | 8 | |i Enthalten in |t Jewish medical resistance in the Holocaust |d New York [u.a.] : Berghahn Books, 2014 |h XIX, 308 S., Ill. |z 9781782384175 |g (2014), Seite 155-163 |w (DE-603)344756416 |
| 924 | 0 | |9 2080 |a (DE-603)1020198168 |b DE-2080 |c HES |d d |g / | |


